| 000 | 00752nam a2200205 a 4500 | ||
|---|---|---|---|
| 005 | 20240213063934.0 | ||
| 008 | 991125s1965 fr 000 0 spa u | ||
| 035 | _aUPN01000004712 | ||
| 049 | _aCG | ||
| 050 | 4 |
_aHV697 _bL4.3 1953 |
|
| 100 | 1 | _aLebel, Roland | |
| 245 | 1 | 4 |
_aLas asignaciones familiares : _bevolución de la legislación sobre asignaciones familiares desde 1953 / _cponentes Roland Lebel y Zarco Cvejic. |
| 260 |
_aGinebra : _bAsociación Internacional de la Seguridad Social, _c1965. |
||
| 300 | _a136 p. | ||
| 500 | _aDatos tomados de la cubierta | ||
| 500 | _a"XVa Asamblea General (Washington, D.C., septiembre-octubre de 1964)" | ||
| 650 | 4 |
_aFamilias _xAsignaciones _922097 |
|
| 700 | 1 |
_aCvejic, Zarco, _ecoaut. |
|
| 905 | _aLibro | ||
| 999 |
_c4712 _d4712 |
||